Вып. 1; Альфа-, бета- и гамма-спектроскопия

Bibliographische Detailangaben
Parent link:Альфа-, бета- и гамма-спектроскопия: в 4 вып./ под ред. К. Зигбана. Вып. 1.— , 1969-
Sprache:Russisch
Veröffentlicht: 1969
Schlagworte:
Format: Buch
KOHA link:https://koha.lib.tpu.ru/cgi-bin/koha/opac-detail.pl?biblionumber=32769

MARC

LEADER 00000nam2a2200000 4500
001 32769
005 20231101210120.0
035 |a (RuTPU)RU\TPU\book\33071 
035 |a BOOK00000068 
090 |a 32769 
100 |a 20011210d1969 k y0rusy50 ca 
101 1 |a rus  |c eng 
102 |a RU 
105 |a a z 001zy 
200 0 |a Вып. 1 
210 |d 1969 
215 |a 567 с.  |c ил., табл. 
320 |a Библиогр. в конце глав и разделов 
461 1 |0 (RuTPU)RU\TPU\book\16352  |t Альфа-, бета- и гамма-спектроскопия  |o в 4 вып.  |o пер. с англ.  |f под ред. К. Зигбана  |v Вып. 1  |d 1969-  
606 |a Спектроскопия ядерная  |2 stltpush  |3 (RuTPU)RU\TPU\subj\55817  |9 73775 
610 1 |a ядерная физика 
610 1 |a электроны 
610 1 |a излучения 
610 1 |a спектроскопия 
610 1 |a сцинтилляционный метод 
675 |a 539.143.43  |v 3 
801 0 |a RU  |b 63413507  |c 20011210  |g PSBO 
801 2 |a RU  |b 63413507  |c 20170913  |g PSBO 
900 |a Экспериментальные методы ядерной физики 
942 |c BK